00868nam a2200217 a 450000100100000000500170001000800410002702000150006804000250008310000350010824500630014326000720020630000210027849000360029950400320033550400730036771000450044083000430048595201050052899900170063300003921920201002031540.0130611s2001 sp 000 0 spa d a8400079345 aDO-SdBNPbspacBNPHU1 aTorallas Tovar, Sofía96541813aGramática de copto sahídico /cSofía Torallas Tovar. aMadrid :bConsejo Superior de Investigaciones Científicas,c2001. a162 p. ;c24 cm.1 aManuales y anejos eméritav43 aBibliografía : p. 155-162 aIncluye referencias bibliográficas y notas al pie de las páginas2 aInstituto de Filología (Madrid)965419 0aManuales y anejos eméritav43965420 001050718MOaGRbGRcCTd2013-06-11iLF1l0o p39219-10r2020-06-25w2020-06-25y1ZNo se presta c38709d38709